| 000 | 00450nam a2200181Ia 4500 | ||
|---|---|---|---|
| 003 | OSt | ||
| 005 | 20230607094912.0 | ||
| 008 | 210423s2003 xx 000 0 und d | ||
| 040 | _cAL | ||
| 041 | _aeng | ||
| 082 |
_a303.484 KUUG _223 |
||
| 100 |
_aKUUMBA (M Bahati). _9121111 |
||
| 245 | _aGender and social movements. | ||
| 260 |
_bRawat Publications _c2003 |
||
| 365 |
_b450 _cINR |
||
| 906 | _aGender ; movements. ; social | ||
| 942 |
_2ddc _cBK |
||
| 999 |
_c173838 _d173838 |
||